Music Quiz

Random Music or Song Quiz

'Blue' Songs Quiz Stats

 Plays Quiz not verified by Sporcle

Challenge
Share
Tweet
Embed
Score 0/26 Timer 05:00
0 Plays Today
Artist and song Missing word(s) % Correct
Elvis Presley: Blue ____ ShoesSuede
93.3%
The Who: ____ Blue EyesBehind
75.6%
Neil Diamond: ____ Sung Blue••Song••
71.1%
Crystal Gale: ____ It Make My Brown Eyes BlueDon't
66.7%
Bob Dylan: ____ Up in BlueTangled
62.2%
Willie Nelson: Blue Eyes Crying in the ____••Rain••
60%
Tony Bennett or Bobby Vinton: Blue ____Velvet
57.8%
Madonna: ____ BlueTrue
57.8%
U2: ____ the Blue SkyBullet
51.1%
The Velvet Underground: Pale Blue ____Eyes
48.9%
Neil Young: My My, ____ ____ (Out of the Blue)Hey Hey
48.9%
Crosby, Stills and Nash: Suite: ____ Blue EyesJudy
46.7%
Rodgers & Hart (composers): Blue ____Moon
44.4%
Artist and song Missing word(s) % Correct
Fleet Foxes: Blue Ridge ____Mountains
40%
Roy Orbison: Blue ____Bayou
31.1%
Fats Domino: Blue ____Monday
28.9%
Bonus: combine the two dotted answers to form a song name. Name the band (who liked to electrify 'blue's songs)Led Zeppelin
20%
Irving Berlin (composer): Blue ____Skies
17.8%
The Judds/standard: ____ to Be BlueBorn
15.6%
Leonard Cohen: ____ Blue RaincoatFamous
13.3%
Midnight Oil: Blue Sky ____Mine
13.3%
Joni Mitchell: ____ Blue Steel and Sweet FireCold
13.3%
Moby: ____ the BlueInto
13.3%
The Smashing Pumpkins/standard: My Blue ____Heaven
13.3%
Jay-Z feat. Pharrell: Blue ____Magic
4.4%
Joe Satriani: Flying in a Blue ____Dream
2.2%

You're not logged in!

Compare scores with friends on all Sporcle quizzes.
Join for Free
OR
Log In

You Might Also Like...

Show Comments

Extras

Created Jan 15, 2012ReportNominate
Tags:Song Quiz, blue

Top Quizzes Today


Score Distribution

Your Account Isn't Verified!

In order to create a playlist on Sporcle, you need to verify the email address you used during registration. Go to your Sporcle Settings to finish the process.

Report this User

Report this user for behavior that violates our Community Guidelines.

Details: